000 00326nam a22001337a 4500
020 _a0046000038
082 _a338.06 HAR
100 _aHarlow, Cris
245 _aInnovation and productivity under nationalisation
260 _aLondon
_bGeorge Allen
_c1977
300 _a256p.
_b24cm.
500 _aInclude index
942 _cBK
999 _c14032
_d14032